[Event "Sparkassen-Open A"]
[Site "Heusenstamm, Martinsee"]
[Date "2018.11.23"]
[Round "3.103"]
[White "Niedenthal, Robert"]
[Black "Mooser, Nicolas"]
[Result "0-1"]
[WhiteElo "1700"]
[BlackElo "2095"]
[PlyCount "124"]
[EventDate "2018.??.??"]
[WhiteTeam "SV Hofheim"]
[BlackTeam "FC Ergolding"]

1. c4 e6 2. g3 d5 3. Bg2 c6 4. Qc2 Nf6 5. Nf3 Be7 6. O-O O-O 7. b3 Nbd7 8. Bb2
b6 9. d3 Bb7 10. Nbd2 c5 11. cxd5 Nxd5 12. Rac1 Rc8 13. Qb1 Bf6 14. Nc4 Qe7 15.
a3 Rfd8 16. e4 Bxb2 17. Qxb2 N5f6 18. e5 Ne8 19. Rcd1 Rc7 20. d4 cxd4 21. Rxd4
Nc5 22. Rfd1 Rcd7 23. Nd6 Nxd6 24. exd6 Rxd6 25. b4 Na6 26. Ne5 Bxg2 27. Kxg2
Rxd4 28. Rxd4 Rxd4 29. Qxd4 Nb8 30. b5 f6 31. Nc6 Nxc6 32. bxc6 Kf7 33. a4 Qc7
34. Qc4 Ke7 35. Qb4+ Kf7 36. Qc4 a5 37. f4 Ke7 38. g4 f5 39. Kg3 g6 40. Qc3 Kd6
41. Qe5+ Kxc6 42. Qxe6+ Kb7 43. Qd5+ Ka7 44. Qd4 Qe7 45. Kh3 Kb7 46. Qd5+ Kb8
47. Qd4 Ka7 48. Kg3 Qe1+ 49. Kh3 Qf1+ 50. Kh4 Ka6 51. Kg3 Qe1+ 52. Kg2 Qe2+ 53.
Kg3 Qf1 54. Kh4 Qf3 55. Qc4+ Kb7 56. Qf7+ Kc6 57. Qc4+ Kd6 58. Qd4+ Ke7 59.
Qg7+ Kd6 60. Qf6+ Kc5 61. Qe5+ Kb4 62. Qb5+ Ka3 0-1

[Event "Sparkassen-Open A"]
[Site "Heusenstamm, Martinsee"]
[Date "2018.11.23"]
[Round "3.104"]
[White "Olesiak, Marcin"]
[Black "Armbrust, Matthias"]
[Result "1-0"]
[WhiteElo "2043"]
[BlackElo "1830"]
[PlyCount "69"]
[EventDate "2018.??.??"]
[WhiteTeam "SV Oberursel"]
[BlackTeam "SF Lindlar"]

1. e4 c5 2. Nc3 d6 3. f4 Nc6 4. Nf3 g6 5. Bb5 Bg7 6. Bxc6+ bxc6 7. O-O e6 8. d3
Ne7 9. Qe1 d5 10. e5 O-O 11. Na4 Nf5 12. Nxc5 Qb6 13. Qf2 d4 14. Na4 Qa5 15. b3
Rd8 16. Bd2 Qd5 17. Ng5 Bb7 18. Ne4 Rdb8 19. Nac5 Qd8 20. g4 Ne3 21. Bxe3 dxe3
22. Qxe3 Qe7 23. Rae1 Rd8 24. d4 Bc8 25. c3 Rb8 26. Re2 Qh4 27. Rg2 Qe7 28. Qg3
Qf8 29. Kh1 Kh8 30. h4 Re8 31. g5 Qe7 32. h5 gxh5 33. Rh2 Qf8 34. Rxh5 Qg8 35.
Kg2 1-0

[Event "Sparkassen-Open A"]
[Site "Heusenstamm, Martinsee"]
[Date "2018.11.23"]
[Round "3.105"]
[White "Martin, Reiner"]
[Black "Pham, Phuong-Bao"]
[Result "1-0"]
[WhiteElo "2023"]
[BlackElo "1812"]
[PlyCount "67"]
[EventDate "2018.??.??"]
[WhiteTeam "SC Bad Soden"]
[BlackTeam "Frankfurter TV"]

1. d4 d5 2. c4 c6 3. Nf3 e6 4. Nc3 dxc4 5. a4 Bb4 6. e3 b5 7. Bd2 a5 8. axb5
Bxc3 9. Bxc3 cxb5 10. b3 Bb7 11. bxc4 b4 12. Bd2 Nf6 13. Bd3 Nbd7 14. O-O Ne4
15. Be1 O-O 16. Qc2 f5 17. Kh1 g5 18. Ng1 g4 19. Ne2 Qh4 20. f3 g3 21. Nxg3
Nxg3+ 22. Bxg3 Qg5 23. Bf4 Qh4 24. Bd6 Rf7 25. Rfd1 Rg7 26. d5 exd5 27. cxd5
Rg6 28. Bf4 Rc8 29. Qb1 Bxd5 30. Bxf5 Qf2 31. Bxg6 Nf6 32. Bxh7+ Kg7 33. Qg6+
Kf8 34. Bd6# 1-0

[Event "Sparkassen-Open A"]
[Site "Heusenstamm, Martinsee"]
[Date "2018.11.23"]
[Round "3.106"]
[White "Berberich, Christoph"]
[Black "Bunjaku, Lulzim"]
[Result "1-0"]
[WhiteElo "1997"]
[BlackElo "1807"]
[PlyCount "36"]
[EventDate "2018.??.??"]
[WhiteTeam "SGEM Dreisamtal"]
[BlackTeam "SC Heusenstamm"]

1. d4 f5 2. Bg5 Nf6 3. Bxf6 exf6 4. e3 b6 5. Bd3 d5 6. h4 Bd6 7. Qf3 Qd7 8. c4
c6 9. cxd5 cxd5 10. Nc3 Bb4 11. Nge2 O-O 12. O-O Rd8 13. Rac1 a6 14. Qxd5+ Qxd5
15. Nxd5 Rxd5 16. Bc4 Bb7 17. Nf4 Nd7 18. Nxd5 Kf8 1-0

[Event "Sparkassen-Open A"]
[Site "Heusenstamm, Martinsee"]
[Date "2018.11.23"]
[Round "3.107"]
[White "Berkes, JÃ¶rg"]
[Black "Diehm, Alexander"]
[Result "0-1"]
[WhiteElo "1798"]
[BlackElo "1995"]
[PlyCount "92"]
[EventDate "2018.??.??"]
[WhiteTeam "SK Langen"]
[BlackTeam "SC FK Babenhausen"]

1. Nf3 f5 2. g3 Nf6 3. Bg2 e6 4. d3 d5 5. O-O Bd6 6. c4 c6 7. Nc3 O-O 8. Re1 d4
9. Nxd4 Bxg3 10. Nf3 Bc7 11. Bg5 Qe8 12. e4 f4 13. Bxf6 gxf6 14. Nh4 e5 15. Bf3
Be6 16. Bg4 Nd7 17. Bf5 Kh8 18. Kh1 Bxf5 19. exf5 Rg8 20. Qf3 Qf7 21. Qh3 Qh5
22. Rg1 Rg5 23. Ne4 Rag8 24. Nxg5 fxg5 25. f6 g4 26. f7 Rg7 27. Ng6+ hxg6 28.
Qxg4 Qxg4 29. Rxg4 Nf8 30. d4 Rxf7 31. d5 cxd5 32. cxd5 Rd7 33. Rc1 Bb6 34. Rc8
Kg7 35. Re8 Rxd5 36. Re7+ Kf6 37. Rxb7 Bxf2 38. Kg2 Bb6 39. Kf3 Nd7 40. Rg2 Kf5
41. Ke2 e4 42. Ke1 f3 43. Rg3 Ne5 44. h4 Kf4 45. Rg5 Bd8 46. Rf7+ Ke3 0-1

[Event "Sparkassen-Open A"]
[Site "Heusenstamm, Martinsee"]
[Date "2018.11.23"]
[Round "3.108"]
[White "Spelleken, Hans-Gerd"]
[Black "Zimmer, Gerald"]
[Result "0-1"]
[WhiteElo "1792"]
[BlackElo "1979"]
[PlyCount "118"]
[EventDate "2018.??.??"]
[WhiteTeam "SC Kahl"]
[BlackTeam "SC Bergen-Enkheim"]

1. Nf3 Nf6 2. d4 g6 3. Nbd2 Bg7 4. e4 d6 5. Bc4 Nc6 6. O-O O-O 7. Re1 Nd7 8.
Nf1 Nb6 9. Be2 f5 10. exf5 Bxf5 11. c3 e5 12. Qb3+ Kh8 13. dxe5 Nxe5 14. Ng5
Qf6 15. Be3 Rae8 16. f4 Nc6 17. a4 h6 18. Nf3 Be6 19. Qc2 Nc4 20. Bc1 Bf5 21.
Qd1 Qf7 22. Nh4 Be4 23. Ng3 Bf6 24. Nxe4 Bxh4 25. Ng3 Ne3 26. Qd3 Nf5 27. Bd2
Re7 28. Nxf5 Qxf5 29. g3 Bf6 30. Qb5 Qc2 31. Qd5 Rfe8 32. Rac1 Qxa4 33. Kf1 Qe4
34. Qb5 Qh1+ 35. Kf2 Qxh2+ 36. Kf3 a6 37. Qd3 Qh5+ 38. Kf2 Qc5+ 39. Kg2 Kg7 40.
Bf3 Rxe1 41. Bxe1 Qe3 42. Qc2 Qe7 43. Bf2 Qf7 44. Qa4 Qd7 45. Be4 b5 46. Qc2
Ne7 47. Rh1 d5 48. Bd3 Nf5 49. Kf3 d4 50. Bxf5 gxf5 51. Kg2 Qd5+ 52. Kg1 d3 53.
Qd1 Re2 54. Rh2 Qf3 55. Qf1 d2 56. g4 fxg4 57. Rg2 h5 58. Rg3 Qxf2+ 59. Qxf2
Rxf2 0-1

[Event "Sparkassen-Open A"]
[Site "Heusenstamm, Martinsee"]
[Date "2018.11.23"]
[Round "3.109"]
[White "Bernhart, Joseph"]
[Black "FrÃ¶hlich-Dill, Astrid"]
[Result "1/2-1/2"]
[WhiteElo "1952"]
[BlackElo "1796"]
[PlyCount "71"]
[EventDate "2018.??.??"]
[WhiteTeam "SG Kaiserslautern"]
[BlackTeam "SV Hofheim"]

1. d4 Nf6 2. Bf4 e6 3. e3 d5 4. Nf3 Be7 5. Bd3 Nc6 6. c3 O-O 7. Ne5 Nxe5 8.
dxe5 Ne4 9. Nd2 f5 10. h4 c5 11. Nf3 b5 12. Bxe4 dxe4 13. Qxd8 Rxd8 14. Bg5 Kf7
15. Bxe7 Kxe7 16. Ng5 h6 17. Nh3 a5 18. Rd1 Ba6 19. Nf4 b4 20. Rh3 Rxd1+ 21.
Kxd1 bxc3 22. bxc3 Bc4 23. Rg3 Kf7 24. a3 Rb8 25. Kc2 a4 26. Nh5 g6 27. Nf4 Rg8
28. f3 g5 29. hxg5 hxg5 30. Nh3 g4 31. fxg4 Be2 32. Nf2 Bxg4 33. Rxg4 Rxg4 34.
Nxg4 fxg4 35. g3 Kg6 36. c4 1/2-1/2

[Event "Sparkassen-Open A"]
[Site "Heusenstamm, Martinsee"]
[Date "2018.11.23"]
[Round "3.110"]
[White "Seifert, Norbert"]
[Black "Steinke, Hans-JÃ¶rg"]
[Result "1-0"]
[WhiteElo "1957"]
[BlackElo "1791"]
[PlyCount "104"]
[EventDate "2018.??.??"]
[WhiteTeam "SF Neuberg"]
[BlackTeam "SV Datteln"]

1. e4 e6 2. d4 d5 3. Nc3 Nf6 4. exd5 exd5 5. Bd3 Be7 6. Bf4 c6 7. Qd2 O-O 8.
Nf3 Nbd7 9. O-O Nh5 10. Bg5 Bxg5 11. Nxg5 Nhf6 12. Rfe1 Re8 13. Rxe8+ Qxe8 14.
Re1 Qd8 15. Qe3 h6 16. Nf3 Nf8 17. Ne5 Ng4 18. Nxg4 Bxg4 19. f4 Bd7 20. f5 Qf6
21. Qe5 Qxe5 22. dxe5 Re8 23. Kf2 Bc8 24. Kf3 Nd7 25. Kf4 Kf8 26. Nb1 f6 27. e6
Nc5 28. Nd2 g6 29. g4 g5+ 30. Kg3 b6 31. Nf3 Ke7 32. h4 a6 33. hxg5 hxg5 34.
Rh1 Nxd3 35. cxd3 Rf8 36. Rh7+ Kd6 37. Kf2 c5 38. Ke3 b5 39. d4 c4 40. Nh2 a5
41. Nf1 b4 42. Ng3 a4 43. Ra7 c3 44. bxc3 b3 45. axb3 axb3 46. Kd2 Rh8 47. Nh5
b2 48. Kc2 b1=Q+ 49. Kxb1 Bb7 50. Rxb7 Rh7 51. Rb4 Rxh5 52. gxh5 g4 1-0

[Event "Sparkassen-Open A"]
[Site "Heusenstamm, Martinsee"]
[Date "2018.11.23"]
[Round "3.111"]
[White "Jordake, Michael"]
[Black "Wuerl, Roland"]
[Result "0-1"]
[WhiteElo "1790"]
[BlackElo "1948"]
[PlyCount "52"]
[EventDate "2018.??.??"]
[WhiteTeam "SC Bergen-Enkheim"]
[BlackTeam "SK Dieburg"]

1. Nc3 c5 2. e4 e6 3. g3 d5 4. exd5 exd5 5. Bg2 Nf6 6. d3 d4 7. Ne4 Nxe4 8.
Bxe4 Nd7 9. Ne2 Nf6 10. Bg2 Bd6 11. O-O O-O 12. h3 Rb8 13. Kh2 b6 14. Bg5 h6
15. Bd2 Bb7 16. c3 Bxg2 17. Kxg2 dxc3 18. Bxc3 Nd5 19. Bd2 Qd7 20. Qb3 Qb7 21.
Kh2 Rfe8 22. Rfe1 h5 23. Nc3 Nxc3 24. Bxc3 Qf3 25. Qc2 h4 26. Rg1 Re2 0-1

[Event "Sparkassen-Open A"]
[Site "Heusenstamm, Martinsee"]
[Date "2018.11.23"]
[Round "3.112"]
[White "Thomas, Tobias"]
[Black "Merges, Harald"]
[Result "1-0"]
[WhiteElo "1913"]
[BlackElo "1790"]
[PlyCount "31"]
[EventDate "2018.??.??"]
[WhiteTeam "SK Langen"]
[BlackTeam "SG Reil-Kinheim"]

1. c4 Nf6 2. g3 c6 3. Bg2 d5 4. Nf3 e6 5. b3 Bd6 6. d4 b6 7. Bb2 Bb7 8. O-O O-O
9. Nbd2 Nbd7 10. Qc2 Re8 11. e4 dxe4 12. Nxe4 Nxe4 13. Qxe4 Nf6 14. Qc2 c5 15.
dxc5 Bxc5 16. Ng5 1-0

[Event "Sparkassen-Open A"]
[Site "Heusenstamm, Martinsee"]
[Date "2018.11.23"]
[Round "3.113"]
[White "Eurich, Jannik"]
[Black "Neubauer, Robert"]
[Result "1-0"]
[WhiteElo "1642"]
[BlackElo "1899"]
[PlyCount "163"]
[EventDate "2018.??.??"]
[WhiteTeam "SK Langen"]
[BlackTeam "Bad Vilbeler Sfr"]

1. e4 e5 2. Nf3 Nf6 3. Nxe5 d6 4. Nf3 Nxe4 5. Nc3 Nxc3 6. dxc3 Be7 7. Bd3 Bg4
8. Be3 Nc6 9. Qd2 Qd7 10. O-O-O O-O-O 11. h3 Bxf3 12. gxf3 Ne5 13. Be2 Qa4 14.
Kb1 Nc4 15. Qd4 d5 16. Bxc4 dxc4 17. Qxg7 Rdf8 18. Bf4 Qb5 19. Qg4+ Kb8 20. Qd7
Qxd7 21. Rxd7 Bd8 22. Bh6 Kc8 23. Rhd1 Rfg8 24. Rxf7 Rg2 25. Be3 h5 26. b3 Rh2
27. Bf4 Rxh3 28. Be5 Re8 29. f4 Rf3 30. Rh7 h4 31. Rdd7 h3 32. Rdg7 cxb3 33.
axb3 b5 34. Kb2 b4 35. cxb4 Rxf2 36. Rg3 h2 37. Rgh3 Be7 38. Rxh2 Rxh2 39. Rxh2
Bxb4 40. Rh7 Be7 41. Rh8 Bf8 42. Kc3 Kd7 43. Rh7+ Re7 44. Rxe7+ Bxe7 45. Kd4 c6
46. f5 Bf8 47. Bb8 Bg7+ 48. Ke4 a6 49. Be5 Bf8 50. Kd4 Ba3 51. Kc4 Bf8 52. Bd4
Bd6 53. Bc5 Bc7 54. Kd4 Ke8 55. Ba3 Kd7 56. Ke4 Bb8 57. Kd4 Bc7 58. Kc4 Bb6 59.
Bc5 Bc7 60. Kd4 Ke8 61. Ba3 Kd7 62. f6 Ke6 63. f7 Be5+ 64. Kc4 Kxf7 65. Kc5 a5
66. Kxc6 Bc3 67. Bc5 Ke6 68. Bb6 Ke5 69. Kb5 Kd5 70. Bxa5 Bd4 71. c4+ Kd6 72.
c5+ Bxc5 73. Bb4 Bxb4 74. Kxb4 Kc6 75. Kc4 Kb6 76. Kb4 Kb7 77. Kb5 Ka7 78. Kc6
Kb8 79. b4 Kc8 80. b5 Kb8 81. Kb6 Ka8 82. Kc7 1-0

[Event "Sparkassen-Open A"]
[Site "Heusenstamm, Martinsee"]
[Date "2018.11.23"]
[Round "3.114"]
[White "Pabel, Ralph"]
[Black "Chassard, Cedric"]
[Result "1-0"]
[WhiteElo "1905"]
[BlackElo "1758"]
[PlyCount "105"]
[EventDate "2018.??.??"]
[WhiteTeam "SK Mainaschaff"]
[BlackTeam "SV Riegelsberg"]

1. d4 e6 2. c4 Nf6 3. Nc3 d5 4. cxd5 exd5 5. Bg5 Be7 6. e3 c6 7. Bd3 Bg4 8. f3
Bh5 9. Nge2 Bg6 10. O-O O-O 11. Rc1 Re8 12. a3 Nbd7 13. Bh4 Nf8 14. Bf2 Bd6 15.
b4 Qb8 16. h3 a6 17. Rb1 Qc7 18. Qc2 Qe7 19. Rfe1 Rad8 20. Ng3 Bxg3 21. Bxg3
Nh5 22. Bf2 Bxd3 23. Qxd3 Qg5 24. a4 Ng6 25. b5 axb5 26. axb5 Ng3 27. bxc6 bxc6
28. Rb6 c5 29. Rbb1 Nh4 30. Kh2 c4 31. f4 Qf6 32. Qc2 Ne4 33. Nxe4 Rxe4 34. Rb5
Nf5 35. Rxd5 Rde8 36. Re5 R4xe5 37. dxe5 Qe6 38. Rd1 g6 39. e4 Ng7 40. Rd6 Qc8
41. Rd4 Ne6 42. Rxc4 Qb8 43. Bg3 Rd8 44. f5 Nd4 45. Qf2 Qa7 46. e6 fxe6 47. Rc7
Qa3 48. fxg6 Qf8 49. gxh7+ Kh8 50. Be5+ Qg7 51. Rxg7 Nf3+ 52. Qxf3 Rg8 53.
hxg8=Q# 1-0

[Event "Sparkassen-Open A"]
[Site "Heusenstamm, Martinsee"]
[Date "2018.11.23"]
[Round "3.115"]
[White "Kirchner, Markus"]
[Black "Zeitz, Joachim"]
[Result "1-0"]
[WhiteElo "1887"]
[BlackElo "1753"]
[PlyCount "51"]
[EventDate "2018.??.??"]
[WhiteTeam "SF SchÃ¶neck"]
[BlackTeam "SC GEMA St.Ingbert"]

1. e4 e5 2. Nf3 Nf6 3. Nxe5 d6 4. Nf3 Nxe4 5. d4 d5 6. Bd3 Bf5 7. O-O Be7 8.
Re1 Nd7 9. c4 c6 10. cxd5 cxd5 11. Qb3 Nb6 12. Bf4 O-O 13. Nc3 Nxc3 14. Bxf5
Nca4 15. Qc2 g6 16. Bc7 Qe8 17. Bd6 Nxb2 18. Bxe7 N2c4 19. Bxf8 Qxf8 20. Bd3
Rc8 21. Qe2 Qa3 22. Bxc4 dxc4 23. Ne5 c3 24. Qf3 Rc7 25. Ng4 Qd6 26. Nf6+ 1-0

[Event "Sparkassen-Open A"]
[Site "Heusenstamm, Martinsee"]
[Date "2018.11.23"]
[Round "3.116"]
[White "MÃ¼dder, Melanie"]
[Black "Worzelberger, Armin"]
[Result "1-0"]
[WhiteElo "1855"]
[BlackElo "1744"]
[PlyCount "71"]
[EventDate "2018.??.??"]
[WhiteTeam "SG Solingen"]
[BlackTeam "SC Brett vorm Kopp"]

1. e4 c6 2. Nf3 g6 3. d4 Bg7 4. Nc3 d5 5. exd5 cxd5 6. Ne5 Nf6 7. Bb5+ Nbd7 8.
Qf3 a6 9. Bxd7+ Bxd7 10. Nxd5 O-O 11. Nxf6+ Bxf6 12. Nxd7 Qxd7 13. c3 Qb5 14.
Qe2 Qf5 15. O-O Rfe8 16. Be3 h5 17. Rad1 Kg7 18. Qd3 Qa5 19. c4 Rad8 20. b3 e5
21. d5 e4 22. Qc2 h4 23. Bd4 h3 24. Bxf6+ Kxf6 25. Qb2+ Ke7 26. Rfe1 Kd7 27. b4
Qc7 28. c5 hxg2 29. d6 Qc6 30. Qf6 Kc8 31. Qxf7 Kb8 32. Qd5 Qd7 33. Rxe4 Rxe4
34. Qxe4 Qh3 35. Qxg2 Qh5 36. Re1 1-0

[Event "Sparkassen-Open A"]
[Site "Heusenstamm, Martinsee"]
[Date "2018.11.23"]
[Round "3.117"]
[White "Browning, Rebecca"]
[Black "RÃ¼ll, Michael"]
[Result "1-0"]
[WhiteElo "1836"]
[BlackElo "1723"]
[PlyCount "137"]
[EventDate "2018.??.??"]
[WhiteTeam "MS Halver-SchalksmÃ¼hle"]
[BlackTeam "SC Obertshausen"]

1. e4 c5 2. c3 Nf6 3. e5 Nd5 4. d4 cxd4 5. cxd4 Nc6 6. Nf3 d6 7. exd6 e6 8. Nc3
Bxd6 9. Bc4 O-O 10. O-O b6 11. h3 Nce7 12. Bg5 Bb7 13. Nxd5 Bxd5 14. Bxd5 exd5
15. Qb3 Rc8 16. Rfe1 Qd7 17. Ne5 Qf5 18. Bxe7 Bxe7 19. Rac1 Rxc1 20. Rxc1 Rc8
21. Rxc8+ Qxc8 22. Qxd5 Qc1+ 23. Kh2 Qf4+ 24. Kh1 Qc1+ 25. Kh2 Qf4+ 26. g3
Qxf2+ 27. Qg2 Qxd4 28. Nc6 Qd7 29. Nxe7+ Qxe7 30. Qa8+ Qf8 31. Qxa7 Qd8 32. Qb7
h5 33. h4 Qd6 34. Qc8+ Kh7 35. Qf5+ Qg6 36. Qf2 Qe6 37. b4 b5 38. Qc2+ g6 39.
a3 Qc4 40. Qb2 Qd5 41. Qc3 Qc4 42. Qe3 Qc2+ 43. Kg1 Qb1+ 44. Kf2 Qf5+ 45. Ke2
Qe6 46. Qxe6 fxe6 47. Kd3 g5 48. a4 bxa4 49. b5 e5 50. b6 e4+ 51. Kxe4 a3 52.
b7 a2 53. b8=Q a1=Q 54. hxg5 Qh1+ 55. Kf5 Qf3+ 56. Qf4 Qd5+ 57. Kf6 Qc6+ 58.
Ke5 Qc5+ 59. Ke4 Qc4+ 60. Kf3 Qf1+ 61. Ke3 Qe1+ 62. Kd4 Qb4+ 63. Kd3 Qb3+ 64.
Ke2 Qc2+ 65. Kf1 Qd1+ 66. Kg2 Qe2+ 67. Kh3 Qe6+ 68. Kh4 Kh8 69. Qf6+ 1-0

[Event "Sparkassen-Open A"]
[Site "Heusenstamm, Martinsee"]
[Date "2018.11.23"]
[Round "3.118"]
[White "Goetz, Jan"]
[Black "Heun, Andreas"]
[Result "1-0"]
[WhiteElo "1869"]
[BlackElo "1687"]
[PlyCount "49"]
[EventDate "2018.??.??"]
[WhiteTeam "SK Bad Homburg"]
[BlackTeam "SC Ladja RoÃŸdorf"]

1. d4 Nf6 2. c4 g6 3. f3 Bg7 4. e4 d6 5. Nc3 O-O 6. Be3 a5 7. Qd2 Na6 8. Rd1
Bd7 9. Nge2 Rb8 10. Nc1 Kh8 11. Be2 c5 12. dxc5 Ne8 13. cxd6 exd6 14. O-O Qh4
15. Bg5 Qh5 16. g4 Bxg4 17. fxg4 Qh3 18. Nd3 Be5 19. Nxe5 dxe5 20. Bh6 Rg8 21.
Rxf7 Nc5 22. Qg5 Ne6 23. Qxe5+ N8g7 24. Bxg7+ Nxg7 25. Rxg7 1-0

[Event "Sparkassen-Open A"]
[Site "Heusenstamm, Martinsee"]
[Date "2018.11.23"]
[Round "3.119"]
[White "Mager, Thomas"]
[Black "Lehmann, Nils"]
[Result "1/2-1/2"]
[WhiteElo "1854"]
[BlackElo "1665"]
[PlyCount "36"]
[EventDate "2018.??.??"]
[WhiteTeam "vereinslos"]
[BlackTeam "SV Lahn Limburg"]

1. c4 e6 2. g3 d5 3. Nf3 Nf6 4. b3 Be7 5. Bg2 O-O 6. O-O c5 7. Bb2 Nc6 8. d3 b6
9. Na3 Bb7 10. Nc2 Qc7 11. cxd5 Nxd5 12. Rc1 Rad8 13. a3 Qb8 14. Nce1 Rc8 15.
Nd2 Rfd8 16. Nef3 Bf6 17. Bxf6 Nxf6 18. Nc4 Nd5 1/2-1/2

[Event "Sparkassen-Open A"]
[Site "Heusenstamm, Martinsee"]
[Date "2018.11.23"]
[Round "3.120"]
[White "Pade, Joachim"]
[Black "Flach, Helene"]
[Result "1-0"]
[WhiteElo "1630"]
[BlackElo "1849"]
[PlyCount "81"]
[EventDate "2018.??.??"]
[WhiteTeam "SV Alsfeld"]
[BlackTeam "SK Langen"]

1. e4 c5 2. a3 e6 3. b4 cxb4 4. axb4 Bxb4 5. c3 Be7 6. d4 d6 7. g3 Nf6 8. Bg2
Nc6 9. Ne2 Bd7 10. O-O O-O 11. f4 Rc8 12. h3 Na5 13. Na3 Bc6 14. Qd3 Nb3 15.
Ra2 Nxc1 16. Rxc1 a6 17. c4 Qc7 18. d5 Bd7 19. Rd2 b6 20. g4 Rfd8 21. Rdc2 Qa7
22. Kh1 Rc5 23. Ng3 Qb8 24. g5 Ne8 25. h4 f6 26. Qe3 Qc8 27. f5 e5 28. Bf1 Nc7
29. Bh3 Qb7 30. Nh5 Rf8 31. Rg1 Be8 32. Ng3 Na8 33. Bg4 Bd8 34. Bh5 Qe7 35.
Rcg2 Bxh5 36. Nxh5 fxg5 37. Rxg5 Rf7 38. f6 Qf8 39. Nxg7 Kh8 40. Ne6 Qe8 41.
Qg3 1-0

[Event "Sparkassen-Open A"]
[Site "Heusenstamm, Martinsee"]
[Date "2018.11.24"]
[Round "4.1"]
[White "Sumets, Andrey"]
[Black "Hirneise, Jens"]
[Result "1/2-1/2"]
[WhiteElo "2580"]
[BlackElo "2370"]
[PlyCount "67"]
[EventDate "2018.??.??"]
[WhiteTeam "SF Lilienthal"]
[BlackTeam "TSV SchÃ¶naich"]

1. d4 Nf6 2. c4 g6 3. Nc3 Bg7 4. e4 d6 5. Nf3 O-O 6. Be2 e5 7. O-O exd4 8. Nxd4
Re8 9. f3 Nc6 10. Be3 Nh5 11. Qd2 Nf4 12. Rfd1 Nxd4 13. Bxd4 Bxd4+ 14. Qxd4
Nxe2+ 15. Nxe2 b6 16. Nc3 Bb7 17. Rd2 Qg5 18. Qf2 f5 19. exf5 Qxf5 20. Re2 Rxe2
21. Qxe2 Bc6 22. Qe7 Re8 23. Nd5 Kh8 24. Qxc7 Bxd5 25. cxd5 Qxd5 26. Qd7 Qe5
27. h3 Re7 28. Qd8+ Re8 29. Qd7 Re7 30. Qc8+ Kg7 31. Qc2 Qc5+ 32. Qxc5 bxc5 33.
Rd1 Rd7 34. Kf2 1/2-1/2

[Event "Sparkassen-Open A"]
[Site "Heusenstamm, Martinsee"]
[Date "2018.11.24"]
[Round "4.2"]
[White "FrÃ¼bing, Stefan"]
[Black "Nikolov, Momchil"]
[Result "0-1"]
[WhiteElo "2406"]
[BlackElo "2560"]
[PlyCount "128"]
[EventDate "2018.??.??"]
[WhiteTeam "SK KÃ¶nig Tegel"]
[BlackTeam "vereinslos"]

1. e4 c5 2. Nf3 e6 3. d4 cxd4 4. Nxd4 a6 5. Nc3 d6 6. Be2 b5 7. a3 Bb7 8. f4
Nd7 9. Bf3 Qc7 10. Qe2 Rc8 11. O-O Ngf6 12. Kh1 Be7 13. e5 Bxf3 14. Nxf3 dxe5
15. fxe5 Ng4 16. Bf4 Qc4 17. Qxc4 Rxc4 18. Nd2 Rc6 19. Nf3 Rc4 20. Nd2 Rc6 21.
Nf3 g5 22. Nxg5 Ngxe5 23. Rae1 Nc4 24. Nd1 Rg8 25. Nf3 Rc5 26. Bc1 Nce5 27. Nc3
Nxf3 28. Rxf3 h5 29. Re2 Rg4 30. h3 Rgc4 31. Bd2 Re5 32. Ref2 f5 33. b4 Nf6 34.
Rd3 Ne4 35. Nxe4 Rexe4 36. Bc3 h4 37. Kg1 Bg5 38. Kf1 Ke7 39. Rff3 Rc6 40. Bd2
Bxd2 41. Rxd2 Rec4 42. Rfd3 Rc3 43. Rd7+ Kf6 44. R7d3 Rxd3 45. Rxd3 e5 46. a4
bxa4 47. Ra3 Rxc2 48. Rxa4 Rc6 49. Ra5 Rb6 50. Ke2 e4 51. Kf2 Kg5 52. Ke3 Rxb4
53. Rxa6 Rb3+ 54. Kf2 Rb2+ 55. Kf1 Kf4 56. Ra8 Ke3 57. Ra3+ Kd2 58. Kf2 f4 59.
Ra1 Rc2 60. Rb1 Ra2 61. Re1 e3+ 62. Kf1 Rc2 63. Re2+ Kc3 64. Re1 Kb2 0-1

[Event "Sparkassen-Open A"]
[Site "Heusenstamm, Martinsee"]
[Date "2018.11.24"]
[Round "4.3"]
[White "Noe, Christopher"]
[Black "Gschnitzer, Adrian"]
[Result "0-1"]
[WhiteElo "2529"]
[BlackElo "2365"]
[PlyCount "48"]
[EventDate "2018.??.??"]
[WhiteTeam "SC Eppingen"]
[BlackTeam "SV Walldorf"]

1. d4 Nf6 2. Nf3 c5 3. c4 cxd4 4. Nxd4 Nc6 5. g3 e6 6. Nc3 Qb6 7. Ndb5 Ne5 8.
Bf4 Nfg4 9. e3 a6 10. Qa4 Ra7 11. Nxa7 Qxb2 12. Be2 Qxc3+ 13. Kf1 Qxa1+ 14. Kg2
Qb2 15. Qd1 Qb6 16. Nxc8 Qc6+ 17. e4 g5 18. Bxg5 Rg8 19. Bf4 Qxe4+ 20. f3 Qxf4
21. gxf4 Ne3+ 22. Kh3 Nxd1 23. Rxd1 Ng6 24. Kg3 Ne7+ 0-1

[Event "Sparkassen-Open A"]
[Site "Heusenstamm, Martinsee"]
[Date "2018.11.24"]
[Round "4.4"]
[White "Khaetsky, Roman"]
[Black "Enchev, Ivajlo"]
[Result "1/2-1/2"]
[WhiteElo "2347"]
[BlackElo "2496"]
[PlyCount "35"]
[EventDate "2018.??.??"]
[WhiteTeam "Gambit Kiev"]
[BlackTeam "vereinslos"]

1. e4 e5 2. Nf3 Nc6 3. Bb5 a6 4. Bxc6 dxc6 5. O-O f6 6. d4 Bg4 7. dxe5 Qxd1 8.
Rxd1 fxe5 9. Rd3 Bd6 10. Nbd2 Nf6 11. Nc4 O-O 12. Ncxe5 Bh5 13. b3 Rae8 14. Bb2
Nxe4 15. Re1 Bxe5 16. Nxe5 Nxf2 17. Rd7 Ng4 18. h3 1/2-1/2

[Event "Sparkassen-Open A"]
[Site "Heusenstamm, Martinsee"]
[Date "2018.11.24"]
[Round "4.5"]
[White "Pap, Misa"]
[Black "Bethke, Richard"]
[Result "1-0"]
[WhiteElo "2473"]
[BlackElo "2192"]
[PlyCount "97"]
[EventDate "2018.??.??"]
[WhiteTeam "SF Augsburg"]
[BlackTeam "SF Neuberg"]

1. e4 c5 2. c3 Nf6 3. e5 Nd5 4. Nf3 Nc6 5. d4 cxd4 6. cxd4 d6 7. Bc4 Nb6 8. Bb5
dxe5 9. Nxe5 Bd7 10. Nxd7 Qxd7 11. Nc3 e6 12. O-O Be7 13. Qg4 O-O 14. Bxc6 bxc6
15. Bh6 Bf6 16. Rfd1 Kh8 17. Ne4 Qe7 18. Bf4 Rfd8 19. Nxf6 Qxf6 20. Be5 Qg6 21.
Qe2 Rac8 22. Rac1 f6 23. Bg3 Qf5 24. Rc5 Rd5 25. Rdc1 h5 26. h4 Qg4 27. Qxg4
hxg4 28. Rxc6 Rxc6 29. Rxc6 Rxd4 30. Rxe6 Nc4 31. Kf1 Nxb2 32. Ra6 Ra4 33. Rxa4
Nxa4 34. Ke1 Nc3 35. a3 Kg8 36. Bd6 Kf7 37. Bb4 Nd5 38. Bc5 Nf4 39. Kf1 a6 40.
Be3 Nd5 41. Ke2 f5 42. Kd3 Ke6 43. Bc1 g6 44. Kd4 Nf6 45. Bg5 Ne4 46. Be3 Nf6
47. Bh6 Nd5 48. Bg5 Nc7 49. Kc5 1-0

[Event "Sparkassen-Open A"]
[Site "Heusenstamm, Martinsee"]
[Date "2018.11.24"]
[Round "4.6"]
[White "Euler, Gerd"]
[Black "Barski, Radoslaw"]
[Result "0-1"]
[WhiteElo "2297"]
[BlackElo "2459"]
[PlyCount "36"]
[EventDate "2018.??.??"]
[WhiteTeam "SSG Hungen-Lich"]
[BlackTeam "SC Heusenstamm"]

1. e4 c5 2. Nc3 a6 3. Nf3 d6 4. d4 cxd4 5. Nxd4 Nf6 6. Bc4 e6 7. Be3 b5 8. Bb3
Qc7 9. Qf3 Nbd7 10. O-O-O Bb7 11. Nxe6 fxe6 12. Bxe6 Rc8 13. Rd4 Qa5 14. Qf5
Rxc3 15. bxc3 Qxc3 16. Bxd7+ Nxd7 17. Qe6+ Be7 18. Rxd6 Qa3+ 0-1

[Event "Sparkassen-Open A"]
[Site "Heusenstamm, Martinsee"]
[Date "2018.11.24"]
[Round "4.7"]
[White "Hesse, Henrik"]
[Black "Zuyev, Igor"]
[Result "0-1"]
[WhiteElo "2272"]
[BlackElo "2435"]
[PlyCount "116"]
[EventDate "2018.??.??"]
[WhiteTeam "SV Mattnetz Berlin"]
[BlackTeam "SC Heusenstamm"]

1. c4 c5 2. Nf3 g6 3. d4 cxd4 4. Nxd4 Nc6 5. e4 Nf6 6. Nc3 d6 7. Be2 Nxd4 8.
Qxd4 Bg7 9. Be3 O-O 10. Qd2 Be6 11. O-O Qa5 12. f3 Rfc8 13. b3 Ng4 14. Bd4 Ne5
15. Rad1 Nc6 16. Bxg7 Kxg7 17. f4 f6 18. Bf3 Rd8 19. Nb5 Qxd2 20. Rxd2 Rdc8 21.
Re1 Rab8 22. Nd4 Nxd4 23. Rxd4 Rc5 24. e5 fxe5 25. fxe5 Rxe5 26. Rxe5 dxe5 27.
Rd2 h5 28. Be4 Bf5 29. Bf3 e4 30. Be2 e3 31. Rd1 Kf6 32. Kf1 e5 33. Rd6+ Kg5
34. Rd5 Re8 35. Bd1 Re6 36. Ke2 Be4 37. Ra5 Bxg2 38. Kxe3 a6 39. Bc2 Kg4 40.
Be4 Bxe4 41. Kxe4 Kh3 42. b4 Kxh2 43. b5 axb5 44. Rxb5 Re7 45. Rb6 g5 46. Rh6
h4 47. Rg6 Rc7 48. Kd5 b6 49. Rxg5 Rc5+ 50. Ke4 Rxc4+ 51. Kf3 Rf4+ 52. Ke2 h3
53. Rxe5 Kg3 54. Rg5+ Rg4 55. Rh5 h2 56. Kf1 Rf4+ 57. Ke1 Rh4 58. Rg5+ Kf4 0-1